LEADER 00954nam--2200361---450- 001 990005806890203316 005 20130212121055.0 035 $a000580689 035 $aUSA01000580689 035 $a(ALEPH)000580689USA01 035 $a000580689 100 $a20130212d1951----km-y0itay50------ba 101 $aita 102 $aIT 105 $a||||||||001yy 200 1 $a<>mia vita$fMao Tse-Dun 210 $aRoma$cEdizioni di cultura sociale$d1951 215 $a87 p.$d17 cm 225 2 $aReprint 410 0$12001$aReprint 454 1$12001 461 1$1001-------$12001 600 1$aMao, Tse-Tung$2BNCF 676 $a951.05092 801 0$aIT$bsalbc$gISBD 912 $a990005806890203316 951 $aX.3.B. 6757$b237054 L.M.$cX.3.B.$d00318937 959 $aBK 969 $aUMA 979 $aFIORELLA$b90$c20130212$lUSA01$h1205 979 $aFIORELLA$b90$c20130212$lUSA01$h1210 996 $aMia vita$91089450 997 $aUNISA LEADER 02574nam0 2200541 i 450 001 VAN0126624 005 20230626103802.365 017 70$2N$a9783030263843 100 $a20200211d2019 |0itac50 ba 101 $aeng 102 $aCH 105 $a|||| ||||| 200 1 $a500 Examples and Problems of Applied Differential Equations$fRavi P. Agarwal, Simona Hodis, Donal O?Regan 210 $aCham$cSpringer$d2019 215 $aix, 388 p.$cill.$d24 cm 410 1$1001VAN0023582$12001 $aProblem books in mathematics$1210 $aNew York [etc.]$cSpringer 500 1$3VAN0236611$a500 Examples and Problems of Applied Differential Equations$91668077 606 $a35-XX$xPartial differential equations [MSC 2020]$3VANC019763$2MF 606 $a65-XX$xNumerical analysis [MSC 2020]$3VANC019772$2MF 606 $a34-XX$xOrdinary differential equations [MSC 2020]$3VANC021251$2MF 606 $a65L06$xMultistep, Runge-Kutta and extrapolation methods for ordinary differential equations [MSC 2020]$3VANC023032$2MF 610 $aFirst order differential systems$9KW:K 610 $aFirst order linear differential equations$9KW:K 610 $aFirst order nonlinear differential equations$9KW:K 610 $aFourier method$9KW:K 610 $aLinear boundary value problems$9KW:K 610 $aNonlinear boundary value problems$9KW:K 610 $aNumerical methods$9KW:K 610 $aOrdinary differential equations$9KW:K 610 $aPartial differential equations$9KW:K 610 $aPower series solutions$9KW:K 610 $aRunge-Kutta method$9KW:K 610 $aSecond and higher order differential equations$9KW:K 610 $aStability theory$9KW:K 620 $aCH$dCham$3VANL001889 700 1$aAgarwal$bRavi P.$3VANV035707$041786 701 1$aHodis$bSimona$3VANV098002$0780951 701 1$aO'Regan$bDonal$3VANV035710$0621718 712 $aSpringer $3VANV108073$4650 790 1$aAgarwal, R. P.$zAgarwal, Ravi P.$3VANV065472 801 $aIT$bSOL$c20240614$gRICA 856 4 $uhttp://doi.org/10.1007/978-3-030-26384-3 $zE-book ? Accesso al full-text attraverso riconoscimento IP di Ateneo, proxy e/o Shibboleth 899 $aBIBLIOTECA DEL DIPARTIMENTO DI MATEMATICA E FISICA$1IT-CE0120$2VAN08 912 $fN 912 $aVAN0126624 950 $aBIBLIOTECA DEL DIPARTIMENTO DI MATEMATICA E FISICA$d08CONS e-book 1468 $e08eMF1468 20200211 996 $a500 Examples and Problems of Applied Differential Equations$91668077 997 $aUNICAMPANIA